书目信息 |
| 题名: |
Kotlin程序员面试笔试宝典
|
|
| 作者: | 孙伟 , 楚秦 编著 | |
| 分册: | ||
| 出版信息: | 北京 机械工业出版社 2019.10 |
|
| 页数: | XII, 312页 | |
| 开本: | 26cm | |
| 丛书名: | ||
| 单 册: | ||
| 中图分类: | TP312.8 | |
| 科图分类: | ||
| 主题词: | JAVA语言--JAVA yu yan--程序设计 | |
| 电子资源: | ||
| ISBN: | 978-7-111-63539-0 | |
| 000 | 01050nam0 2200265 450 | |
| 001 | 2072955121 | |
| 005 | 20201104201605.44 | |
| 010 | @a978-7-111-63539-0@dCNY79.00 | |
| 100 | @a20191105d2019 em y0chiy50 ea | |
| 101 | 0 | @achi |
| 102 | @aCN@b110000 | |
| 105 | @aak z 000yy | |
| 200 | 1 | @aKotlin程序员面试笔试宝典@AKotlin cheng xu yuan mian shi bi shi bao dian@f孙伟, 楚秦等编著 |
| 210 | @a北京@c机械工业出版社@d2019.10 | |
| 215 | @aXII, 312页@c图@d26cm | |
| 312 | @a英文题名取自封面 | |
| 314 | @a孙伟, 程序员, 目前从事面向海外市场的应用开发。 | |
| 330 | @a本书对面试笔试中常考的Kotlin基础知识进行了进行庖丁解牛式地深度剖析, 特别是在研究了各大IT名企历年笔试考题的基础上, 总结出了适用于应试的方法与套路, 通读本书, 读者完全能够应对Kotlin程序员面试笔试中的各类问题。 | |
| 510 | 1 | @aProgrammer interview and written examination@zeng |
| 606 | 0 | @aJAVA语言@AJAVA yu yan@x程序设计 |
| 690 | @aTP312.8@v5 | |
| 701 | 0 | @a孙伟@Asun wei@4编著 |
| 701 | 0 | @a楚秦@Achu qin@4编著 |
| 801 | 0 | @aCN@b人天书店@c20201005 |
| 905 | @aZUCC@dTP312.8J@eS953 | |
| Kotlin程序员面试笔试宝典/孙伟, 楚秦等编著.-北京:机械工业出版社,2019.10 |
| XII, 312页:图;26cm |
| ISBN 978-7-111-63539-0:CNY79.00 |
| 本书对面试笔试中常考的Kotlin基础知识进行了进行庖丁解牛式地深度剖析, 特别是在研究了各大IT名企历年笔试考题的基础上, 总结出了适用于应试的方法与套路, 通读本书, 读者完全能够应对Kotlin程序员面试笔试中的各类问题。 |
| ● |
| 相关链接 |
|
|
|
正题名:Kotlin程序员面试笔试宝典
索取号:TP312.8J/S953
 
预约/预借
| 序号 | 登录号 | 条形码 | 馆藏地/架位号 | 状态 | 备注 |
| 1 | 1478003 | 214780030 | 自科库301/301自科库 56排7列3层/ [索取号:TP312.8J/S953] | 在馆 | |
| 2 | 1478004 | 214780049 | 自科库301/301自科库 56排7列3层/ [索取号:TP312.8J/S953] | 在馆 |